ewige Tabelle der Eredivisie - Statistiken

Allgemein
  • Dieses Quiz wurde 62 mal gespielt
  • Das Durchschnittsergebnis liegt bei 11 aus 62
Antwortstatistiken
Platz Punkte Verein % Korrekt
1 5109 Ajax Amsterdam
98%
3 4527 Feyenoord Rotterdam
96%
2 4826 PSV Eindhoven
96%
7 2517 AZ Alkmaar
65%
4 3102 FC Twente Enschede
63%
6 2590 FC Utrecht
60%
5 2625 Sparta Rotterdam
60%
8 2430 FC Groningen
52%
10 2071 NAC Breda
40%
23 870 VVV-Venlo
40%
11 1931 ADO Den Haag
37%
19 981 Fortuna Sittard
37%
12 1868 Vitesse Arnheim
35%
14 1713 NEC Nijmegen
33%
15 1669 SC Heerenveen
31%
24 751 Excelsior Rotterdam
29%
22 883 PEC Zwolle
29%
21 907 Heracles Almelo
25%
18 1095 RKC Waalwijk
25%
9 2078 Roda JC Kerkrade
23%
13 1825 Willem II Tilburg
23%
16 1443 Go Ahead Eagles Deventer
21%
44 115 FC Eindhoven
19%
20 954 FC Volendam
19%
42 128 FC Emmen
15%
29 577 FC Den Bosch
10%
17 1414 MVV Maastricht
10%
49 56 Almere City FC
8%
39 139 FC Dordrecht
8%
26 646 De Graafschap Doetinchem
6%
41 131 RBC Roosendaal
6%
34 269 SC Cambuur Leeuwarden
4%
37 239 FC Amsterdam
2%
51 54 Helmond Sport
2%
25 731 HFC Haarlem
2%
32 440 SC Enschede
2%
31 494 SC Telstar
2%
46 73 SVV Schiedam
2%
56 15 AGOVV Apeldoorn
0%
55 30 Alkmaar '54
0%
50 55 ASC De Volewijckers
0%
33 275 ASV Blauw-Wit
0%
45 80 BVC Amsterdam
0%
60 10 C & FC Hermes-DVS
0%
28 579 DWS Amsterdam
0%
62 7 Enschedese Boys
0%
30 522 Fortuna '54
0%
58 13 HFC EDO Haarlem
0%
38 145 Holland Sport
0%
40 131 NOAD Tilburg
0%
35 266 Rapid JC
0%
61 9 RCH Heemstede
0%
53 47 RFC Xerxes
0%
43 125 RKSV Sittardia
0%
47 59 SC Veendam
0%
54 31 SV Limburgia
0%
57 14 SV Maurits
0%
36 245 USV Elinkwijk
0%
59 12 VSV Velsen
0%
27 624 VV DOS Utrecht
0%
48 57 WVV Wageningen
0%
52 48 Xerxes/DHC '66
0%
Keine übereinstimmenden Quizze gefunden
Verteilung der Resultate
Anzahl Personen mit jedem Resultat
Perzentil nach korrekt beantworteten Fragen
Ihre Resultats-Entwicklung
Sie haben dieses Quiz noch nicht gespielt